000 00804nam a2200253Ia 4500
003 OSt
005 20220923215719.0
006 a|||||r|||| 00| 0
007 ta
008 220922b |||||||| |||| 00| 0 hin d
024 _a181,116
037 _cTextual
040 _aARTS
_cARTS
_bhin
041 _2hin
_ahin
082 _aO152,1N30x, N1
100 _aशास्त्री, मधुर
245 0 _aआँसू का वक्तव्य
246 _aĀँsū kā vaktavya
260 _aदिल्ली
_b विकास पेपर बैक्स
_c1991
300 _a96 पृ.
_ccm.
650 _aहिन्दी साहित्य
_9156264
942 _hO152,1N30x, N1
_cTEXL
_2CC
999 _c334494
_d334494